| 000 | 00761nam a22002297i 4500 | ||
|---|---|---|---|
| 003 | DO-SdBNP | ||
| 005 | 20240104124140.0 | ||
| 006 | a||||gr|||| 00| 0 | ||
| 007 | ta | ||
| 008 | 240104e1979 dr a|||| |||| 00| j spa d | ||
| 040 |
_aDO-SdBNP _bspa _cBNPHU _erda |
||
| 082 | 4 |
_222 _aJ25a |
|
| 100 | 1 |
_aJakowska, Sophie, _d1922- _925432 _eautora |
|
| 245 |
_aAmigos del cocodrilo en el Parque Zoológico / _cSophie Jakowska ; prólogo, Jaime A. Viñas Roman |
||
| 264 | 1 |
_aSanto Domingo : _bParque Zoológico Nacional (ZOODOM) _c1979. |
|
| 300 |
_a93 páginas : _bIlustraciones ; _c28 cm. |
||
| 336 |
_2rdacontent _atexto _btxt |
||
| 337 |
_2rdamedia _asin mediación _bn |
||
| 338 |
_2rdacarrier _avolumen _bnc |
||
| 590 | _aInventariado 2023 / MF | ||
| 942 |
_2ddc _cLBS1 |
||
| 999 |
_c55647 _d55647 |
||